• 首页
  • 本馆介绍
  • 公告通知
  • 最新文献
  • 馆藏检索
  • 电子资源
  • 读者导购
  • 参考咨询
  • 我的图书馆
  • 登录
  • 详细信息显示
  • 放入我的书架
  • 预约/预借图书
  • 作者相关作品
  • 分类相关作品
  • 丛书相关作品
  • 出版社相关作品

书目信息

  • 表格格式
  • 工作单格式
  • 卡片格式
题名:
古典家具收藏实用解析
    
 
作者: ;华文图景收藏项目组 编
分册:  
出版信息: 北京   中国轻工业出版社  2011
页数: 196页
开本: 22cm
丛书名: 华文图景收藏馆
单 册:
中图分类: G894 , TS666.202
科图分类:
主题词: 家具--收藏--中国--古代 , 家具--鉴赏--中国--古代
电子资源:
ISBN: 978-7-5019-6056-9
000 01017oam2 2200277 45
001 1133617047
005 20110414095743.12
010    @a978-7-5019-6056-9@dCNY48.00
100    @a20110406d2011 em y0chiy0110 ea
101 0  @achi
102    @aCN@b110000
105    @aa z 000yy
106    @ar
200 1  @a古典家具收藏实用解析@AGu Dian Jia Ju Shou Cang Shi Yong Jie Xi@f华文图景收藏项目组编@FHua Wen Tu Jing Shou Cang Xiang Mu Zu Bian
210    @a北京@c中国轻工业出版社@d2011
215    @a196页@c彩图@d22cm
225 2  @a华文图景收藏馆
330    @a本书对古典家具的各方面知识,包括发展历史、使用材质、类别、形制、结构、装饰、纹样、鉴赏、辨伪等,进行了全面详尽的解析,同时配用数百幅珍贵精美的图文。
461  0 @12001 @a华文图景收藏馆
606 0  @a家具@x收藏@y中国@z古代
606 0  @a家具@x鉴赏@y中国@z古代
690    @aG894@v4
690    @aTS666.202@v4
711 02 @a华文图景收藏项目组@AHua Wen Tu Jing Shou Cang Xiang Mu Zu@4编
801  0 @aCN@bTANGWEI@c20110414
905    @b0535371-75@dG894@e287@f5
    
    古典家具收藏实用解析/华文图景收藏项目组编.-北京:中国轻工业出版社,2011
    196页:彩图;22cm.-(华文图景收藏馆)
    
    
    ISBN 978-7-5019-6056-9:CNY48.00
    本书对古典家具的各方面知识,包括发展历史、使用材质、类别、形制、结构、装饰、纹样、鉴赏、辨伪等,进行了全面详尽的解析,同时配用数百幅珍贵精美的图文。
●
相关链接 在E读中查询图书 在五车中查询图书 在当当中查询图书 在豆瓣中查询图书


正题名:古典家具收藏实用解析     索取号:G894/287         预约/预借

序号 登录号 条形码 馆藏地/架位号 状态 备注
1 0535371   205353712   第一样本阅览室/ [索取号:G894/287] 在馆    
2 0535372   205353721   第四借阅区/ [索取号:G894/287] 在馆    
3 0535373   205353730   第四借阅区/ [索取号:G894/287] 在馆    
4 0535374   205353749   第四借阅区/ [索取号:G894/287] 在馆    
5 0535375   205353758   第四借阅区/ [索取号:G894/287] 在馆    
唐山师范学院图书馆 欢迎您!
大连网信软件有限公司© 版权所有